000 00531nam a2200181Ia 4500
008 090124s9999 xx 000 0 und d
082 _b28433
_a796
100 _aगडकरी माधव.
245 _a एक झलक पुर्वेची
250 _a1
260 _c1979
300 _a87
600 _aगडकरी माधव.
630 _a एक झलक पुर्वेची
700 _aगडकरी माधव.
730 _a एक झलक पुर्वेची
942 _cBOOK
999 _c141893
_d141893